Escuela y cultura de la imagen: los nuevos desafíos /

Gardado en:
Detalles Bibliográficos
Autor Principal: Dussel, Inés
Formato: Texto
Etiquetas: Engadir etiqueta
Sen Etiquetas, Sexa o primeiro en etiquetar este rexistro!

MARC

LEADER 00000 a a2200000 04500
001 10208
003
040
100 |a Dussel, Inés  
245 |a Escuela y cultura de la imagen:   |b los nuevos desafíos /  |c Inés Dussel 
773 |g número 30; páginas 180-193  
999 |c 31416  |d 31416